000 00492nam a2200181Ia 4500
008 090124s9999 xx 000 0 und d
082 _b121781
100 _aदिघे प्रभाकर
245 _a थारेपालट
250 _a1
260 _c1986
300 _a214
600 _aदिघे प्रभाकर
630 _a थारेपालट
700 _aदिघे प्रभाकर
730 _a थारेपालट
942 _cBOOK
999 _c167867
_d167867